000 00499nam a2200133Ia 4500
008 191108s9999 xx 000 0 und d
020 _a978-0-785-26796-6
100 _aMaxwell, John C.
245 _cJohn Maxwell.--
_aThe 21 indispensible qualities of a leader:
_bBecoming the person others will want to follow /
260 _aNasville, Tennessee :
_bMaxwell Motivation, Inc.
_c1999
300 _a156 pages :
650 _a Leadership. Leadership -- Aspect psychologique.
650 _aLeadership
999 _c362503
_d362503